Fundamentals of classical thermodynamics (Record no. 4077)

000 -LEADER
fixed length control field 00585nam a22002171i 4500
001 - CONTROL NUMBER
control field 4077
003 - CONTROL NUMBER IDENTIFIER
control field BD-DhUET
008 - FIXED-LENGTH DATA ELEMENTS--GENERAL INFORMATION
fixed length control field 780201s1965 nyua b 001 0 eng
020 ## - INTERNATIONAL STANDARD BOOK NUMBER
International Standard Book Number 047190225X
040 ## - CATALOGING SOURCE
Original cataloging agency DLC
Transcribing agency DLC
Modifying agency BD-DhUET
082 ## - DEWEY DECIMAL CLASSIFICATION NUMBER
Classification number 536.7
Item number VAN/1985
100 1# - MAIN ENTRY--PERSONAL NAME
Personal name Van Wylen, Gordon J.
245 10 - TITLE STATEMENT
Title Fundamentals of classical thermodynamics
250 ## - EDITION STATEMENT
Edition statement 1st ed.
260 ## - PUBLICATION, DISTRIBUTION, ETC. (IMPRINT)
Place of publication, distribution, etc. New York
Name of publisher, distributor, etc. John Wiley
Date of publication, distribution, etc. 1965
300 ## - PHYSICAL DESCRIPTION
Extent xxiii, 631 p.
Other physical details ill.
Dimensions 24 cm.
504 ## - BIBLIOGRAPHY, ETC. NOTE
Bibliography, etc Includes bibliographies
650 #0 - SUBJECT ADDED ENTRY--TOPICAL TERM
Topical term or geographic name as entry element Classical thermodynamics
700 ## - ADDED ENTRY--PERSONAL NAME
Personal name Sonntag, Richard E.
942 ## - ADDED ENTRY ELEMENTS (KOHA)
Koha item type General Book
Holdings
Damaged status Koha date last borrowed Koha item type Piece designation (barcode) Price effective from Not for loan Source of classification or shelving scheme Shelving location Koha normalized classification for sorting Koha issues (times borrowed) Copy number Lost status Sublocation or collection (holding branch) Withdrawn status Date acquired Location (home branch) Koha date last seen Koha full call number
 2023-12-13General Book834552014-11-11  Circulation section536_700000000000000_VAN_196531 Central Library, BUET 2014-11-11Central Library, BUET2024-01-27536.7/VAN/1965
 2023-10-21General Book844932015-03-08  Circulation section536_700000000000000_VAN_196522 Central Library, BUET 2015-03-08Central Library, BUET2023-11-11536.7/VAN/1965
  Reading Item344522015-06-13  Reading section536_700000000000000_VAN_1965 3 Central Library, BUET 2015-06-13Central Library, BUET2015-06-13536.7/VAN/1965